Educación superior mundial comparada e internacionalización: ¿cooperación solidaria o nuevos proveedores con ánimo lucro? /
El autor desarrolla cuestiones profundas y centrales tales como la problmeática de la globalización y cómo las universidades fueron recontextualizadas por la mundialización del capital. El autor enfrenta temas cruaciales como: la función social; las políticas de acceso, confrontando la masificación...
Պահպանված է:
| Հիմնական հեղինակ: | |
|---|---|
| Ձևաչափ: | Տեքստ |
| Խորագրեր: | |
| Ցուցիչներ: |
Ավելացրեք ցուցիչ
Չկան պիտակներ, Եղեք առաջինը, ով նշում է այս գրառումը!
|
MARC
| LEADER | 00000 a a2200000 04500 | ||
|---|---|---|---|
| 001 | 41377 | ||
| 003 | |||
| 040 | |||
| 100 | |a López Segreda, Francisco | ||
| 245 | |a Educación superior mundial comparada e internacionalización: |b ¿cooperación solidaria o nuevos proveedores con ánimo lucro? / |c Francisco López Segreda | ||
| 520 | |a El autor desarrolla cuestiones profundas y centrales tales como la problmeática de la globalización y cómo las universidades fueron recontextualizadas por la mundialización del capital. El autor enfrenta temas cruaciales como: la función social; las políticas de acceso, confrontando la masificación y la diferenciación de las instituciones de enseñanza superior; las tensiones entre las univerisdades con la innovación requerida por el mercado; la investigación frente a la llamada sociedad del conocimiento en América Latina; la educación virtual y la distancia y sus nexos con la internacionalización de la educación superior; las perspctivas de cooperación internaiconal; las políticas de financiamiento, evaluación y acreditación, y las políticas académicas que, al estar imbricadas con la mercantilización acaban siendo corrompidas, acarreando problemas de naturaleza ética. | ||
| 590 | |a RRA/OCTUBRE2011 | ||
| 650 | |a 1.UNIVERSIDADES | ||
| 650 | |a 2.EDUCACION PUBLICA | ||
| 650 | |a 3.GLOBALIZACION | ||
| 650 | |a 4.MERCADO | ||
| 650 | |a 5.ACCESO A LA EDUCACION | ||
| 650 | |a 6.AMERICA LATINA | ||
| 650 | |a 7.FILOSOFIA DE LA EDUCACION | ||
| 650 | |a 8.CALIDAD DE LA EDUCACION | ||
| 773 | |g páginas 121-234 : tablas | ||
| 999 | |c 28662 |d 28662 | ||
